000 00450nam a2200157 4500
001 123040
003 ES-MaACL
005 20230906192111.0
007 t|
008 070214s1967 sp r ||||0| spa d
100 1 _aPuyuelo y Salinas, Carlos.
_994456
245 1 3 _aLa monarquía y la república /
_cCarlos Puyuelo y Salinas.
260 _aMadrid :
_bPrensa Española,
_c1967.
300 _a354 p ;
_c22 cm.
852 _aES-MaACL
_jC-34396
_bR.65052
999 _c123040
_d123040